00516nam a2200205 450000500170000000700040001700800040002102000150002504000090004005000210004910000180007024500430008826000600013130000220019144000100021350000190022365000410024294200120028399900150029520150507111527.0000000 a0713134801 aUOEL aTH5606b.P6 1984 aPorter, Brian aCarpentry and joinery /cBrian, Porter aGreat Britain ;bEdward Arnold Publishers LTD ,cc1984. aix, 294p. :bill. pvol.2 aincludes index 2CarpentryxBuilding and Construction 2lcccLL c6832d6832